| 000 | 01205nam a22002297a 4500 | ||
|---|---|---|---|
| 001 | EIF-I-1992-M2-014 | ||
| 003 | OSt | ||
| 005 | 20230103180300.0 | ||
| 008 | 230103b |||||||| |||| 00| 0 eng d | ||
| 040 |
_aFundación Jesús Pereda _cFundación Jesús Pereda |
||
| 041 | _aCastellano | ||
| 100 |
_aMoreno Fonseret, Roque _91192 |
||
| 111 |
_aEncuentro de Investigadores del Franquismo _c(Barcelona. _d1992. _n1º) _995 |
||
| 245 |
_aLos partes mensuales: _bla información interna de FET y de las JONS y el control político de la sociedad española _c/Roque Moreno Fonseret y Glicerio Sánchez Recio |
||
| 520 | _aSe estudia el partido único FET-JONS, haciendo énfasis en su organización, funcionamiento, instituciones, opinión pública y el orden público. | ||
| 610 | 0 |
_9306 _aFalange Española Tradicionalista y de las Juntas de Ofensiva Nacional Sindicalista (FET y de las JONS) |
|
| 610 | 0 |
_91194 _aComunión Tradicionalista (C.T.) |
|
| 700 |
_aSánchez Recio, Glicerio _91193 |
||
| 773 |
_tActas del I Encuentro de Investigadores del Franquismo _g066-069 p. |
||
| 856 | _uhttps://bibliotecaccoocyl.fundacionjesuspereda.es/cgi-bin/koha/opac-retrieve-file.pl?id=6771e2194d891b8dc6cc558cc4b64506 | ||
| 942 |
_2ddc _cCF _n0 |
||
| 999 |
_c721 _d721 |
||